Teacher's perception of the curriculum implemented in a local spastic centre : a case study /
Saved in:
| Main Author: | |
|---|---|
| Format: | Thesis Book |
| Language: | English |
| Published: |
1999.
|
| Subjects: | |
| Online Access: | http://studentsrepo.um.edu.my/id/eprint/2576 |
| Tags: |
Add Tag
No Tags, Be the first to tag this record!
|
| LEADER | 01128cam a2200277 a 4500 | ||
|---|---|---|---|
| 001 | u476529 | ||
| 003 | SIRSI | ||
| 008 | 960110s1999 my t 00 10 eng m | ||
| 035 | |a ACO-0410 | ||
| 040 | |a UMM | ||
| 090 | |a LB7 |b UM 1999 Ong | ||
| 100 | 1 | 0 | |a Ong, Poo Min. |
| 245 | 1 | 0 | |a Teacher's perception of the curriculum implemented in a local spastic centre : |b a case study / |c Ong Poo Min. |
| 260 | |c 1999. | ||
| 300 | |a xx, 178, leaves : |b ill. ; |c 29 cm. | ||
| 502 | |a Dissertation (M.Ed.) -- Fakulti Pendidikan, Universiti Malaya, 1999. | ||
| 504 | |a Includes bibliographical references. | ||
| 650 | 0 | |a Special education |x Curricula. | |
| 650 | 0 | |a Teachers |x Attitudes | |
| 650 | 0 | |a Perception. | |
| 710 | 2 | 0 | |a Universiti Malaya. |b Fakulti Pendidikan. |
| 856 | 4 | 1 | |u http://studentsrepo.um.edu.my/id/eprint/2576 |
| 948 | |a 13/02/2001 |b 10/06/2002 | ||
| 596 | |a 1 8 | ||
| 999 | |a LB7 UM 1999 ONG |w LC |c 1 |i A510575023 |d 20/5/2017 |e 20/5/2017 |l TESIS |m P01UTAMA |n 7 |r Y |s Y |t TESIS |u 20/2/2002 | ||
| 999 | |a LB7 UM 1999 ONG |w LC |c 1 |i A511183794 |f 24/8/2020 |g 1 |l STACKS |m P08PENDIDI |r Y |s Y |t TESIS |u 1/8/2003 |1 AHSS |o .STAFF. Tesis disimpan dalam bilik tesis (Blok D) | ||
